00332nam a2200109Ia 4500008004100000082000800041100001800049245003900067942000600106952009500112999001500207240331s9999 xx 000 0 und d bSTI aStiglitz, J.E 0aGlobalization and its discontents- cL 001040708LaWERCLbWERCLcSSCd2024-03-31l0o 330 STIp5487r2024-03-31w2024-03-31yL c2589d2589